All Olivia Rodrigo Songs (September 2025) - Statistics

General Stats
  • This quiz has been taken 14 times
    9 since last reset
  • The average score is 24 of 51
Answer Stats
Hint Answer % Correct
2023 all-american bitch
100%
bad idea right?
88%
brutal
88%
deja vu
88%
enough for you
88%
favorite crime
88%
good 4 u
88%
jealousy, jealousy
88%
vampire
88%
1 step forward, 3 steps back
75%
drivers license
75%
happier
75%
hope ur ok
75%
lacy
75%
making the bed
75%
2024 obsessed
75%
scared of my guitar
75%
teenage dream
75%
traitor
75%
All I Want
63%
ballad of a homeschooled girl
63%
Can't Catch Me Now
63%
get him back!
63%
girl i've always been
63%
pretty isn't pretty
63%
so american
63%
logical
50%
stranger
50%
the grudge
50%
Blobfish (with Madison Hu)
38%
love is embarassing
38%
The Rose Song
25%
Wondering (with Julia Lester)
25%
2016 Bizaardvark Theme Song (with Madison Hu)
13%
2021 Even When/The Best Part (with Joshua Bassett)
13%
2025 Friday I'm In Love - Live From Glastonbury (with Robert Smith)
13%
Granted
13%
2019 I Think I Kinda, You Know (with Joshua Bassett)
13%
Just for a Moment (with Joshua Bassett)
13%
Just Like Heaven - Live From Glastonbury (with Robert Smith)
13%
Out of the Old
13%
Start of Something New
13%
The Comeback Song (with Madison Hu)
13%
What I've Been Looking For (with Matt Cornett)
13%
YAC Alma Mater
13%
Born to Be Brave (Cast of High School Musical: The Musical: The Series)
0%
Breaking Free (with Joshua Bassett & Matt Cornett)
0%
Get'cha Head in the Game (Cast of High School Musical: The Musical: The Series)
0%
Let It Glow (with Madison Hu)
0%
Love the Haters (with Madison Hu)
0%
Stick to the Status Quo (Cast of High School Musical: The Musical: The Series)
0%
No matching quizzes found
Score Distribution
Percent of People with Each Score
Percentile by Number Answered
Your Score History
You have not taken this quiz since the last reset